000 00276nam a2200097Ia 4500
008 120527s9999 xx 000 0 und d
100 _aGelatt,K.N.
245 _aHandbook of small animal optithamic surgery vol1;Extraocular -procedure.
260 _bVerlag Pergamon
942 _cBK
999 _c15002
_d15002